Top 10 Stoke City Premier League Appearances - Statistics

General Stats
  • This quiz has been taken 72 times
  • The average score is 5 of 10
Answer Stats
Player Apps % Correct
Peter Crouch 202
91%
Ryan Shawcross 317
89%
Asmir Begović 160
67%
Robert Huth 149
63%
Jonathan Walters 226
58%
Glenn Whelan 277
55%
Erik Pieters 169
48%
Matthew Etherington 152
36%
Marc Wilson 146
20%
Geoff Cameron 168
17%
No matching quizzes found
Score Distribution
Percent of People with Each Score
Percentile by Number Answered
Your Score History
You have not taken this quiz